Score 0/36 Timer 04:00
2 Plays Today
Clue 4-Letter Word % Correct
Pop artist ___ Warhol•ANDY•
98.7%
Disease caused by HIVAIDS
97.5%
'No ifs, ___ or buts!'ANDS
96.1%
Money for landlordRENT
93.1%
Eat in styleDINE
90.5%
Outer layer of a treeBARK
88.8%
'___ of Fame'HALL
88.1%
Wind-driven sand hillDUNE
88%
Solid; difficultHARD
87.8%
Cards dealt to a playerHAND
87.7%
Grand dance; spherical objectBALL
84.8%
Nickel or dime, e.g.COIN
84.5%
Breathe heavilyPANT
82.8%
Move freightHAUL
81.3%
Trusted underlingAIDE
81.1%
Confined, with 'up'PENT
80%
Decide to skip a turnPASS
79.6%
Surrealist ___ Magritte•RENÉ•
78.8%
Clue 4-Letter Word % Correct
Post Impressionist ___ Cézanne•PAUL•
78.6%
Historian's studyPAST
77.9%
Pitcher's boo-booBALK
77.7%
Ancient mystical letterRUNE
77.5%
Sandcastle maker's aidPAIL
76.8%
To connect two or more thingsJOIN
76.6%
Advance using windSAIL
74.8%
German painter ___ Memling•HANS•
72.9%
Kitchen utensilsPANS
72.3%
To form loopsCOIL
69.5%
It covers a lot of groundSOIL
67.1%
Beaujolais, for exampleWINE
66.6%
Abstract Expressionist ___ Rothko•MARK•
64.6%
Off the markWIDE
62.4%
Early Modernist ___ Chagall•MARC•
57.1%
Drug pusher's enemyNARC
54.3%
Aromatic plant once used in medicinesNARD
51.4%
Surrealist ___ Miró•JOAN•
46.9%

Today's Daily Dose

Remove Ads.
Support Sporcle.
Get the best of Sporcle when you Go Orange. This ad-free experience offers more features, more stats, and more fun while also helping to support Sporcle. Thank you for becoming a member.

You're not logged in!

Compare scores with friends on all Sporcle quizzes.
OR
Log In

Show Comments

Extras

Top Quizzes Today


Score Distribution

Your Account Isn't Verified!

In order to create a playlist on Sporcle, you need to verify the email address you used during registration. Go to your Sporcle Settings to finish the process.

Report this User

Report this user for behavior that violates our Community Guidelines.

Details: